00331pab a2200121 454500008004000000100002800040245007200068260000900140300001700149362001000166650001300176773002000189180718b2007 xxu||||| |||| 00| 0 eng d aRaja, B. William Dharma aDoes professional satisfaction of teachers impact their efficiency? c2007 ap.13-14, 18. a4 Jun aTeachers aUniversity News